00682 a2200193 45000010006000000050017000060080041000230030015000640400040000790800081001192450066002000200018002662640029002843000019003135050106003320410008004381000020004467000022004664382020260407155719.0260407a1965 arg spa dAR-UNSa-BCEJYS aAR-UNSa-BCEJYSbspacAR-UNSa-BCEJYS a514.12xGeometrías euclidianas y seudoeuclidianas. Geometría analítica10aGeometría análitica bidimensionalpsubconjuntos del plano a968-18-0038-9 1aMéxico :bLimusac1965 a122 p.c22 cm. a1. Conceptos básicos: la circunferencia - 2. La línea recta - 3. Parábola, elipse e hipérbola aspa1 aWade, Thomas L.1 aTaylor, Howard E.